000 02655cam a22004934i 4500
003 PE-LiUPU
005 20250731173116.0
008 190710s2011 bl a r 000 0 por d
035 _a(Sirsi) a252284
040 _aPE-LiUPU
_bspa
_cPE-LiUPU
_erda
041 1 _apor
_heng
049 _aPRUA
082 0 4 _a266.732
_bP2
_220
245 0 0 _aPassaporte para a missão /
_ceditores, Cheryl Doss, [y otros cinco] ; traducción por Arlete Inês Vicente [y otros tres].
250 _a2a edição.
264 1 _aBrazil :
_bCasa Publicadora Brasileira,
_c2011.
300 _a259 páginas :
_bilustraciones ;
_c21 centímetros
336 _atext
_2rdacontent
337 _aunmediated
_2rdamedia
338 _avolume
_2rdacarrier
505 0 _aPorque você é necessário? -- Porque é urgente! -- Porque é possível! -- Porque é imperativo! -- Porque é cristão! É adventista! -- Porque é a sua igreja! -- Entusiasmo pela missão -- Então, por que não!? -- Você está ligado? -- É possível manifestar algum entusiasmo? -- Lidando com as diferenças culturais -- Identifique suas digitais culturais -- Vença seus estereótipos culturais -- Prepare-se para o choque cultural -- Comunicar e ultrapassar barreiras culturais -- Lidando com os conflitos -- Vivendo em uma diferente -- O missionário encarnado -- Aprenda o idioma -- Confira a realidade -- Mantenha-se saudável -- Desenvolvendo relacionamentos missionários -- A família missionária -- Falando de Cristo em outra cultura -- estabeleça relacionamentos que redimem -- Prepare seu testemunho -- Levando alguém a Cristo -- Ajudando os cristãos a crescerem -- Adaptando-se como testemunha de Cristo -- Como estar preparado -- Como realizar o estudo da área -- Que fazer em caso de emergência -- Dicas para a viagem -- De volta ao lar.
526 _aSEG42
526 _aSEG41
526 _aSEG40
526 _aSEG39
526 _aP94
526 _aP87
526 _aP86
526 _aP85
526 _aP77
526 _aP76
526 _aP35
534 _pTítulo original :
_tPassport to Mission.
650 0 4 _aIglesia Adventista del Séptimo Día
_xMisiones.
650 0 4 _aMisioneros
_xCitas bíblicas.
700 1 _aDoss, Cheryl,
_eeditora.
700 1 _aVicente, Arlete Inês,
_etraductora.
910 _adbm
_brrch
_crrch
_d20190711
942 _2ddc
_cBOOK
994 _aC0
_bPEPRU
596 _a1
999 _a266.732 P2
_wDEWEY
_c31514
_i80339
_f2021-11-10
_g3
_lCCODEBUL1
_mBUL
_p10.00
_r0
_sY
_tBOOK
_u2019-7-10
_xTEOLOGIA
_PP35
_0DONACION
_o.STAFF. Colección Teología
_d31514
980 _81
_gALBERTO SANCHEZ Responsable de Automatización